Gazdaköreink és a választójog a Magyar Gazdaszövetség által gyűjtött adatok

Elmentve itt :
Bibliográfiai részletek
Dokumentumtípus: Cikk
Megjelent: 1912
Sorozat:Kolligátum
Kulcsszavak:Választójog - magyar
Online Access:http://misc.bibl.u-szeged.hu/23577
LEADER 00538nab a2200157 i 4500
001 misc23577
005 20191111110535.0
008 170822s1912 hu o 0|| zxx d
040 |a SZTE Miscellanea Repozitórium  |b hun 
041 |a zxx 
245 0 0 |a Gazdaköreink és a választójog   |h [elektronikus dokumentum] :  |b a Magyar Gazdaszövetség által gyűjtött adatok 
260 |c 1912 
300 |a 1-15 
490 0 |a Kolligátum 
695 |a Választójog - magyar 
856 4 0 |u http://misc.bibl.u-szeged.hu/23577/1/09921_001a-015a.pdf  |z Dokumentum-elérés